000 00604nam a22002297a 4500
003 UA-OsUOA
001 94831
007 ta
008 20130218b un ||||| |||| 00| 0 ukr d
100 _aБалаян З.
090 _a821.19
_bБ20
942 _cBK
040 _aUA-OsUOA
_brus
_cUA-OsUOA
_dUA-OsUOA
245 _aДорога
_bпублицистика
300 _a374 с.
955 _a3
041 _arus
080 _a821.19
260 _aМ.
_bСоветский писатель
_c1988
650 7 _a82 Література. Літературознавство
_2UDC
999 _c381080
_d381080